书目信息 |
| 题名: |
变化的洋流
|
|
| 作者: | M.H.格兰茨 著 ;王绍武 译 | |
| 分册: | ||
| 出版信息: | 北京 气象出版社 1998 |
|
| 页数: | 233页 | |
| 开本: | 20cm | |
| 丛书名: | ||
| 单 册: | ||
| 中图分类: | P732 | |
| 科图分类: | ||
| 主题词: | 海洋学--基础理论 | |
| 电子资源: | ||
| ISBN: | 7-5029-2589-9 | |
| 000 | 00724nam0 2200205 450 | |
| 001 | 0736196517 | |
| 005 | 20070924100316.51 | |
| 010 | @a7-5029-2589-9@d¥16.00 | |
| 100 | @a20070924d km y0chiy0120 ea | |
| 101 | 0 | @achi |
| 200 | 1 | @a变化的洋流@Abian hua de yang liu@e厄尔尼诺对气候和社会的影响@f(美)M.H.格兰茨著@F(mei)M.H.ge lan ci zhu@g王绍武等译@Gwang shao wu deng yi |
| 210 | @a北京@c气象出版社@d1998 | |
| 215 | @a233页@c插图@d20cm | |
| 517 | 1 | @a厄尔尼诺对气候和社会的影响@Ae er ni nuo dui qi hou he she hui de ying xiang |
| 606 | 0 | @a海洋学@x基础理论 |
| 690 | @aP732@v3 | |
| 701 | 0 | @aM.H.格兰茨@AM.H.ge lan ci@4著 |
| 702 | 0 | @a王绍武@Awang shao wu@4译 |
| 801 | 0 | @aCN@bPFT@c20070924 |
| 905 | @a213230@dP732@eZY3@f1 | |
| 变化的洋流:厄尔尼诺对气候和社会的影响/(美)M.H.格兰茨著/王绍武等译.-北京:气象出版社,1998 |
| 233页:插图;20cm |
| ISBN 7-5029-2589-9:¥16.00 |
| ● |
| 相关链接 |
|
|
|
|
正题名:变化的洋流
索取号:P732/ZY3
 
预约/预借
| 序号 | 登录号 | 条形码 | 馆藏地/架位号 | 状态 | 备注 |
| 1 | 7900583 | 279005835 | 密集书库-资源管理系/ [索取号:P732/ZY3] | 在馆 |